La cosecha de granos
Uloženo v:
| Hlavní autor: | |
|---|---|
| Médium: | Kniha |
| Jazyk: | španělština |
| Vydáno: |
Santiago
Universidad de Chile
1986
|
| Edice: | Publicación Docente, 3
|
| Témata: | |
| Tagy: |
Přidat tag
Žádné tagy, Buďte první, kdo vytvoří štítek k tomuto záznamu!
|
MARC
| LEADER | 00000nam a2200000 a 4500 | ||
|---|---|---|---|
| 001 | UCR3064 | ||
| 003 | CL-VaPUC | ||
| 008 | 980123e19860000CL |||||||||||||||||spa|d | ||
| 082 | 0 | 4 | |a 631.3 |b VIL |2 21 |
| 100 | 0 | |a Villa Rojas, Roberto |e author |9 401846 | |
| 245 | 1 | 3 | |a La cosecha de granos |
| 300 | |a 76 p | ||
| 942 | |c BK | ||
| 945 | |d 19980123 00:00:00 |a jquezada | ||
| 260 | |a Santiago |b Universidad de Chile |c 1986 | ||
| 650 | 0 | |a Maquinaria |9 260482 | |
| 650 | 7 | |a INSUMOS AGRICOLAS |2 CL-VaPUC |9 326401 | |
| 650 | 7 | |a RECOLECCION |2 CL-VaPUC |9 401556 | |
| 650 | 0 | |a Cosecha |9 259688 | |
| 650 | 7 | |a GRANOS |2 CL-VaPUC |9 401847 | |
| 583 | |a last modification |c 19980123 00:00:00 |k Rodrigo Vera | ||
| 490 | 0 | |a Publicación Docente, 3 | |
| 999 | |c 266173 |d 266171 | ||